1358 1529 1653 1323 1437 1328 1585 1326 1648 1685 1296 1306 1793 1941 1263 1041 1689 1016 1924 1779 1632 1134 1541 1835 1612 1048 1874 1857 1717 1626 1129 1601 1236 1159 1956 1521 1045 1805 1115 1777 1160 1635 1179 1702 1289 1875 1994 1236 1092 1390 1334 1636 1566 1968 1081 1409 1569 1275 1536 1644 1304 1243 1994 1527 1876 1134 1829 1590 1212 1076 1301 1535 1530 1617 1788 1892 1779 1389 1616 1860 1834 1702 1765 1056 1849 1269 1619 1019 1615 1216 1897 1494 1243 1449 1799 1350 1302 1293 1343 BCNSPRNW ULIB Ver.6.0+V

เปลี่ยนเป็นภาษาไทย

Change to English
 แสดงรายละเอียดบรรณานุกรม
  กลับหน้าหลัก

Brief Record : Get Marc (ISO 2709) : E-mail record : QR code < ปิดหน้าต่าง
LEADER : 00000nam 2200000uu 4500
001    13399120607
003     ULIB
008    120928s2549||||th 000 0 tha d
020    ^a9749565843
060 04 ^aWY152^bท364พ 2549
100 0  ^aทัศนีย์ ทองประทีป
245 10 ^aพยาบาล :^bเพื่อนร่วมทุกข์ผู้ป่วยระยะสุดท้าย = Nurse :being with the dying /^cทัศนีย์ ทองประทีป
246 31 ^aNurse :^bbeing with the dying
250    ^aพิมพ์ครั้งที่ 1
260    ^aกรุงเทพฯ :^bสำนักพิมพ์แห่งจุฬาลงกรณ์มหาวิทยาลัย,^c2549
300    ^a154 หน้า
650  7 ^aจรรยาบรรณพยาบาล
650  7 ^aผู้ป่วยใกล้ตาย^xการดูแล
650  7 ^aผู้ป่วยหนัก^xการดูแล
650  7 ^aพยาบาล
945    ^p180^l0^i14303
945    ^p180^l0^i24840
995    ^aวิภา
999 ^a ใช้งานได้ทุกระบบ
รายการนี้ยังไม่มีแท็ก
คุณยังไม่ได้ล็อกอิน คุณสามารถมีกิจกรรมร่วมกับเว็บไซต์ได้ แต่ต้องล็อกอินก่อน ::
  ล็อกอิน

รายการสื่อสารสนเทศ

ลำดับที่ ประเภท เลขเรียก/บาร์โค้ด สถานที่ สถานะ
1. Book การพยาบาล
Book การพยาบาล
สถานะ=หนังสือเก่า
WY152 ท364พ 2549  
  Barcode: 14303
ห้องสมุดวิทยาเขตนครสวรรค์
►หนังสือทั่วไป:l:General Books
บนชั้น
2. Book การพยาบาล
Book การพยาบาล
สถานะ=หนังสือเก่า
WY152 ท364พ 2549 ฉ.2 
  Barcode: 24840
ห้องสมุดวิทยาเขตนครสวรรค์
►หนังสือทั่วไป:l:General Books
บนชั้น

รายการใกล้เคียง
    ผู้แต่ง [ทัศนีย์ ทองประทีป]

    หัวเรื่อง [จรรยาบรรณพยาบาล]
    หัวเรื่อง [พยาบาล]

BibComment


ยังไม่เคยถูกคอมเมนท์

คอมเมนท์ทรัพยากรรายการนี้
  คอมเมนท์: พยาบาล เพื่อนร่..


 Copyright 2026. Bcnsprnw @Library